Catálogo

Nelson : (Registro nro. 49962)

Detalles MARC
000 -LEADER
fixed length control field 01225cam a2200337 i 4500
001 - CONTROL NUMBER
control field 49962
003 - CONTROL NUMBER IDENTIFIER
control field Mx-PuUPA
005 - DATE AND TIME OF LATEST TRANSACTION
control field 20241114114742.0
008 - FIXED-LENGTH DATA ELEMENTS--GENERAL INFORMATION
fixed length control field 140415s2004 sp ad fr 000 0 spa d
017 ## - COPYRIGHT OR LEGAL DEPOSIT NUMBER
Copyright or legal deposit number B-50.617-2006
020 ## - INTERNATIONAL STANDARD BOOK NUMBER
International Standard Book Number 8481747475
040 ## - CATALOGING SOURCE
Original cataloging agency Mx-PuUPA
Language of cataloging spa
Transcribing agency Mx-PuUPA
Modifying agency Mx-PuUPA
Description conventions rda
041 1# - LANGUAGE CODE
Language code of text/sound track or separate title spa
Language code of original eng
240 1# - UNIFORM TITLE
Uniform title Textbook of pediatrics.
Language of a work Español
245 10 - TITLE STATEMENT
Title Nelson :
Remainder of title tratado de pediatría /
Statement of responsibility, etc. Richard E. Behrman, Robert M Kliegman, Hal B. Jenson
250 ## - EDITION STATEMENT
Edition statement 17a edición
264 #1 - PRODUCTION, PUBLICATION, DISTRIBUTION, MANUFACTURE, AND COPYRIGHT NOTICE
Place of production, publication, distribution, manufacture Madrid, España :
Name of producer, publisher, distributor, manufacturer Elsevier España,
Date of production, publication, distribution, manufacture, or copyright notice ©2004
300 ## - PHYSICAL DESCRIPTION
Extent lii, 2618 páginas :
Other physical details ilustraciones, gráficas, tablas ;
Dimensions 28 cm
336 ## - CONTENT TYPE
Fuente rdacontent
Content type term texto
Content type code txt
336 ## - CONTENT TYPE
Fuente rdacontent
Content type term imagen fija
Content type code sti
337 ## - MEDIA TYPE
Source rdamedia
Media type term sin medio
Media type code n
338 ## - CARRIER TYPE
Source rdacarrier
Carrier type term volumen
Carrier type code nc
650 #7 - SUBJECT ADDED ENTRY--TOPICAL TERM
Source of heading or term armarc
Topical term or geographic name entry element Pediatría
700 1# - ADDED ENTRY--PERSONAL NAME
Personal name Behrman, Richard E.,
Relator term autor
700 1# - ADDED ENTRY--PERSONAL NAME
Personal name Kliegman, Robert M.,
Relator term autor
700 1# - ADDED ENTRY--PERSONAL NAME
Personal name Jenson, Hal B.,
Relator term autor
765 0# - ORIGINAL LANGUAGE ENTRY
Main entry heading Behrman, Richard E.,
Edition 17a edición
Place, publisher, and date of publication [Madrid?] : Elsevier Science, and Elsevier Imprint, ©2004
Title Textbook of pediatrics.
International Standard Book Number 0721695566
942 ## - ADDED ENTRY ELEMENTS (KOHA)
Source of classification or shelving scheme Dewey Decimal Classification
Koha item type Libro
Classification part 618.92
Item part N45
Existencias
Withdrawn status Lost status Source of classification or shelving scheme Damaged status Not for loan Collection code Home library Current library Shelving location Date acquired Source of acquisition Total Checkouts Full call number Barcode Date last seen Date last checked out Price effective from Koha item type Total Renewals
    Dewey Decimal Classification     General Biblioteca Karol Wojtyla Biblioteca Karol Wojtyla Sala general 03/12/2013 Compra   618.92 BEH 75380 05/01/2026 10/10/2016 03/12/2013 Libro  
    Dewey Decimal Classification     General Biblioteca Karol Wojtyla Biblioteca Karol Wojtyla Sala general 03/12/2013 Compra 3 618.92 BEH 75378 05/01/2026 05/11/2019 03/12/2013 Libro 1
    Dewey Decimal Classification     General Biblioteca Karol Wojtyla Biblioteca Karol Wojtyla Sala general 03/12/2013 Compra   618.92 BEH 75381 05/01/2026 08/02/2017 03/12/2013 Libro  
    Dewey Decimal Classification     General Biblioteca Karol Wojtyla Biblioteca Karol Wojtyla Sala general 03/12/2013 Compra 2 618.92 BEH 74626 05/01/2026 21/01/2022 03/12/2013 Libro  
    Dewey Decimal Classification     General Biblioteca Karol Wojtyla Biblioteca Karol Wojtyla Sala general 03/12/2013 Compra 1 618.92 BEH 75524 10/03/2026 28/08/2019 03/12/2013 Libro  
    Dewey Decimal Classification     General Biblioteca Karol Wojtyla Biblioteca Karol Wojtyla Sala general 03/12/2013 Compra 3 618.92 N45 2004 75379 05/01/2026 21/11/2019 03/12/2013 Libro